| 000 | 00626nmm a2200193Ia 4500 | ||
|---|---|---|---|
| 008 | 251105s9999||||xx |||||||||||||||||und|| | ||
| 020 | _a9788433975072 | ||
| 041 | _aspa | ||
| 100 | _aZulaika Goicoechea, Jesús | ||
| 245 | 0 |
_aEn la carretera : _b El rollo mecanografiado original |
|
| 264 |
_a[Madrid, España] : _bEditorial Anagrama, _c[Fecha de publicación no identificada] |
||
| 300 | _a0 páginas | ||
| 490 | _aPanorama de narrativas | ||
| 650 | _aSpanish narrative | ||
| 700 | _aZulaika Goicoechea, Jesús | ||
| 700 | 1 | _a Kerouac, Jack | |
| 856 | _uhttps://public.digitaliapublishing.com/a/117523 | ||
| 942 | _cCF | ||
| 999 |
_c72827 _d72827 |
||